000 00939pam a2200277 a 4500
001 2919
005 20260324084846.0
020 _a0590226509
040 _aDLC
_cDLC
_dDLC
_beng
050 0 0 _aPZ7.S7242
082 0 0 _a613
100 1 _aSoto, Gary
245 1 0 _aToo many tamales /
_cGary Soto ; illustrated by Ed Martinez.
260 _aNew York :
_bScholastic ;
_c1993
300 _a30 unnumbered pages :
_bcolor illustrations ;
_c29 cm.
505 _aN
520 _aMaria tries on her mother's wedding ring while helping make tamales for a Christmas family get-together. Panic ensues when hours later, she realizes the ring is missing.
521 _a570
_bLexile
521 _aN
_bRaz-Plus
650 1 _aChristmas
_xFiction.
650 1 _aMexican Americans
_xFiction.
650 1 _aRings
_xFiction.
700 1 _aMartinez, Ed
_eillustrator
906 _a7
_bcbc
_corignew
_d1
_eocip
_f19
_gy-gencatlg
942 _2ddc
_cBK
_n0
999 _c2919
_d2919